Indische Buchmalerei : unter den Grossmoguln 16.-19. Jahrhundert /

Bibliographic Details
Main Author: Welch, Stuart Cary
Format: Book
Language:German
Published: München : Prestel-Verlag, [1978]
Series:Grossen Handschriften der Welt.
Subjects:

MARC

Tag First Indicator Second Indicator Subfields
LEADER 00000cam a2200000 a 4500
001 in00002368614
005 20201102113951.0
008 820301s1978 gw ab b 000 0 ger c
020 |a 3791304240 
020 |a 9783791304243 
029 1 |a NLGGC  |b 820786071 
035 |a (OCoLC)ocm08201425 
040 |a MNJ  |c MNJ  |d TXA  |d UtOrBLW 
041 1 |a ger  |h eng 
042 |a pcc 
043 |a a-ii--- 
045 |a t-w- 
049 |a TXAM 
050 4 |a ND3247  |b .W4415 1978 
100 1 |a Welch, Stuart Cary. 
240 1 0 |a Imperial Mughal painting.  |l German 
245 1 0 |a Indische Buchmalerei :  |b unter den Grossmoguln 16.-19. Jahrhundert /  |c Stuart Cary Welch. 
246 1 4 |a Indische Buchmalerei unter den Grossmoguln 
264 1 |a München :  |b Prestel-Verlag,  |c [1978] 
264 4 |c ©1978 
300 |a 119 pages :  |b illustrations (chiefly color), map ;  |c 28 cm. 
336 |a text  |b txt  |2 rdacontent 
337 |a unmediated  |b n  |2 rdamedia 
338 |a volume  |b nc  |2 rdacarrier 
490 1 |a Die grossen Handschriften der Welt 
504 |a Includes bibliographical references (pages 34-35). 
650 0 |a Illumination of books and manuscripts, Mogul Empire  |z India. 
650 0 |a Miniature painting, Mogul  |z India. 
830 0 |a Grossen Handschriften der Welt. 
948 |a cataloged  |b h  |c 2008/5/2  |d c  |e jmarner  |f 3:26:42 pm 
994 |a C0  |b TXA 
999 |a MARS 
999 f f |s 55a4b881-2976-38a8-b181-58842f869538  |i 2c0c2e58-2097-333d-9d08-14ce334cfd7f  |t 0 
952 f f |p normal  |a Texas A&M University  |b College Station  |c Sterling C. Evans Library  |d Evans: Library Stacks  |t 0  |e ND3247 .W4415 1978  |h Library of Congress classification  |i unmediated -- volume  |m A14837077726 
998 f f |a ND3247 .W4415 1978  |t 0  |l Evans: Library Stacks